Reconnais-tu ces Youtubeurs français ? - Statistiques

Statistiques générales
  • Ce quiz a été pris 187 fois
  • Le résultat moyen est 26 sur 36
Statistiques - réponses
Par images Réponse % Correct
Michou
99%
Inoxtag
98%
Amixem
96%
Squeezie
96%
Tibo Inshape
96%
Cyprien
95%
Léna
95%
Mastu
95%
Carlito
94%
Joyca
93%
Mcfly
93%
Amine
91%
Anyme
91%
Mister V
91%
Maghla
86%
Cocotte
84%
Natoo
84%
SEB
84%
Djilsi
83%
Théodort
79%
Gotaga
78%
LeBouseuh
78%
FastGoodCuisine
74%
Doigby
72%
Valouzz
70%
Domingo
68%
Flamby
61%
IbraTV
60%
Hugopose
59%
Jeanfils
41%
Unchained
35%
Fuze
33%
Furious Jumper
26%
Kevko
10%
DHM
7%
Déraciné
1%
Aucun quiz correspondant
Distribution des résultats
% des personnes avec chaque résultat
Percentile par nombre de réponses
Votre historique - résultats
Vous n’avez pas pris ce quiz